8 Scenes, 1 Movie! XIV Quiz Stats

 Plays Quiz Updated Jan 21, 2018

Challenge
Share
Tweet
Score 0/25 Timer 10:00
0 Plays Today
% Correct
Cars
96.3%
The Matrix
93.3%
Shrek
93.1%
Madagascar
92.4%
La La Land
91.6%
Austin Powers in Goldmember
91.3%
Top Gun
91.3%
Star Wars: The Empire Strikes Back
88%
Chicago
81.2%
Anchorman 2: The Legend Continues
80.3%
The Cat in the Hat
76.9%
Pixels
70.3%
The Hobbit: The Desolation of Smaug
69.9%
% Correct
Scary Movie
66.3%
Spider-Man 2
66%
Night at the Museum: Secret of the Tomb
58%
Footloose
57.2%
Tropic Thunder
56.2%
Passengers
51.6%
Warcraft
47.6%
Divergent
44.8%
Foxcatcher
44%
Into the Woods
38%
Assassin's Creed
13.9%
Hardcore Henry
10.4%

You're not logged in!

Compare scores with friends on all Sporcle quizzes.
Join for Free
OR
Log In

You Might Also Like...

Show Comments

Extras

Top Quizzes Today


Score Distribution

Your Account Isn't Verified!

In order to create a playlist on Sporcle, you need to verify the email address you used during registration. Go to your Sporcle Settings to finish the process.

Report this User

Report this user for behavior that violates our Community Guidelines.

Details: